Un grapaet y pròu (Record no. 171008)

MARC details
000 -LEADER
campo de control de longitud fija 00826nam a22001575i 4500
001 - NÚMERO DE CONTROL
campo de control 171008
003 - IDENTIFICADOR DE NÚMERO DE CONTROL
campo de control ES-MaACL
005 - FECHA Y HORA DE LA ÚLTIMA TRANSACCIÓN
campo de control 20230906214521.0
008 - DATOS DE LONGITUD FIJA--INFORMACIÓN GENERAL
campo de control de longitud fija 090422s1868 sp |||| | spa d
100 1# - ENTRADA PRINCIPAL--NOMBRE DE PERSONA
Nombre de persona Escalante, Eduardo.
9 (RLIN) 47463
245 13 - MENCIÓN DEL TÍTULO
Título Un grapaet y pròu
Resto del título : comedia bilingüe en un acto y en verso /
Mención de responsabilidad, etc. original de Eduardo Escalante.
260 ## - PUBLICACIÓN, DISTRIBUCIÓN, ETC.
Lugar de publicación, distribución, etc. Valencia :
Nombre del editor, distribuidor, etc. [s.n.],
Fecha de publicación, distribución, etc. 1868 (
Fabricante Imp. de Ferrer de Orga)
300 ## - DESCRIPCIÓN FÍSICA
Extensión 40 p. ;
Dimensiones 18 cm.
500 ## - NOTA GENERAL
Nota general En port.: Representada por primera vez con éxito extraordinario en el Teatro de la Princesa de Valencia, la noche del 15 de febrero de 1868, á beneficio del actor D. Leandro Torromé.
852 ## - LOCALIZACIÓN
Ubicación ES-MaACL
Número de control de estantería F-8576(10)
Nota libre .- Enc. pasta española
condición física .- Falto de la cub. original
Nota libre .- Enc. en un vol. facticio formando parte de la col. "Teatro español moderno", vol. 29
Holdings
Estatus retirado Estado de pérdida Estado de daño No para préstamo Colección Biblioteca de origen Biblioteca actual Ubicación en estantería Fecha de adquisición Fuente de adquisición Total de préstamos Signatura topográfica completa Código de barras Visto por última vez Precio de reemplazo Tipo de ítem Koha
        Libros del s. XIX Biblioteca del Ateneo de Madrid Biblioteca del Ateneo de Madrid Sala Pecera Planta 2 22/04/2009     F-8576(10) 1179471 23/02/2023 23/02/2023 Libro impreso antiguo